[Event "SVK-chT 2425"]
[Site "Slovakia"]
[Date "2025.02.16"]
[Round "6.8"]
[White "Gyerpal, Adrian"]
[Black "Bombek, Peter"]
[Result "1/2-1/2"]
[WhiteElo "2184"]
[BlackElo "2104"]
[PlyCount "53"]
[EventDate "2024.11.23"]
[EventType "team-tourn"]
[EventRounds "11"]
[EventCountry "SVK"]
[SourceTitle "CB14_2025"]
[SourceDate "2024.11.01"]
[SourceVersion "1"]
[SourceVersionDate "2024.11.01"]
[SourceQuality "1"]
[WhiteTeam "Cebovce"]
[BlackTeam "Dubnica nad Vahom"]
[WhiteTeamCountry "SVK"]
[BlackTeamCountry "SVK"]

1. d4 Nf6 2. Nf3 e6 3. c4 d5 4. g3 dxc4 5. Bg2 c5 6. 0-0 Nc6 7. dxc5 Qxd1 8. Rxd1 Bxc5 9. Nbd2 c3 10. bxc3 0-0 11. Nb3 Be7 12. c4 Bd7 13. Bb2 Rfc8 14. Rac1 Be8 15. Nfd4 a6 16. Nxc6 Bxc6 17. Bxc6 bxc6 18. Be5 a5 19. Bd6 Bxd6 20. Rxd6 a4 21. Nd4 c5 22. Nb5 g6 23. Rcd1 a3 24. Rb6 Ra4 25. Nd6 Rd8 26. Rdb1 Nd7 27. R6b5 1/2-1/2

[Event "SVK-chT2C 2425"]
[Site "Slovakia"]
[Date "2024.11.30"]
[Round "3.2"]
[White "Gyerpal, Adrian"]
[Black "Gollner, Martin"]
[Result "0-1"]
[WhiteElo "2204"]
[BlackElo "1990"]
[PlyCount "158"]
[EventDate "2024.11.09"]
[EventType "team-tourn"]
[EventRounds "11"]
[EventCountry "SVK"]
[SourceTitle "CB51_2024"]
[SourceDate "2024.12.18"]
[SourceVersion "1"]
[SourceVersionDate "2024.12.18"]
[SourceQuality "1"]
[WhiteTeam "Cebovce II"]
[BlackTeam "Ondrasova Krivan"]
[WhiteTeamCountry "SVK"]
[BlackTeamCountry "SVK"]

1. Nf3 Nf6 2. g3 g6 3. Bg2 Bg7 4. 0-0 0-0 5. d4 d6 6. c4 c6 7. Nc3 Nbd7 8. e4 e5 9. h3 exd4 10. Nxd4 Qc7 11. Be3 a5 12. Qc2 Nc5 13. Rad1 Nfd7 14. b3 Re8 15. Rd2 Ne5 16. Rfd1 Bf8 17. f4 Ned7 18. Bf2 Nf6 19. Nde2 Nfd7 20. g4 Qb6 21. e5 dxe5 22. Rxd7 Bxd7 23. Ne4 Qb4 24. Nf6+ Kg7 25. Nxe8+ Bxe8 26. Qb2 a4 27. Qxe5+ f6 28. Qc7+ Bf7 29. Bd4 Ne6 30. a3 Qxb3 31. Bxf6+ Kg8 32. Qd7 Qe3+ 33. Kh2 Qxe2 34. Qxb7 Qxd1 35. Qxa8 Qd2 36. Be7 Qxf4+ 37. Kh1 Qc1+ 38. Kh2 Qxc4 39. Bxc6 Kg7 40. Bxf8+ Nxf8 41. Qxa4 Qxa4 42. Bxa4 Bc4 43. Kg3 Ne6 44. h4 Kf6 45. Bc2 h6 46. g5+ hxg5 47. hxg5+ Kxg5 48. Bxg6 Kxg6 49. Kf3 Kf5 50. Ke3 Ke5 51. a4 Nc5 52. a5 Ba6 53. Kd2 Kd4 54. Kc2 Nd3 55. Kb3 Ne5 56. Kb4 Nc6+ 57. Ka3 Kc3 58. Ka2 Nxa5 59. Ka1 Nb3+ 60. Kb1 Bd3+ 61. Ka2 Be4 62. Ka3 Bb1 63. Ka4 Nd4 64. Ka5 Kc4 65. Kb6 Nb5 66. Kc6 Bf5 67. Kb6 Be4 68. Ka5 Kc5 69. Ka4 Bc2+ 70. Ka5 Bb3 71. Ka6 Nd6 72. Ka5 Nb7+ 73. Ka6 Kc6 74. Ka7 Kc7 75. Ka6 Bc4+ 76. Ka7 Bb5 77. Ka8 Nd6 78. Ka7 Nc8+ 79. Ka8 Bc6# 0-1

[Event "SVK-ch U2300"]
[Site "Liptovsky Jan"]
[Date "2024.06.17"]
[Round "5"]
[White "Gyerpal, Adrian"]
[Black "Korenova, Simona"]
[Result "1-0"]
[WhiteElo "2227"]
[BlackElo "1972"]
[PlyCount "89"]
[EventDate "2024.06.15"]
[EventType "swiss"]
[EventRounds "8"]
[EventCountry "SVK"]
[SourceTitle "CBM 220 Extra"]
[Source "ChessBase"]
[SourceDate "2024.07.31"]
[SourceVersion "1"]
[SourceVersionDate "2024.07.31"]
[SourceQuality "1"]

1. Nf3 d5 2. g3 c5 3. Bg2 Nf6 4. 0-0 g6 5. b3 Bg7 6. Bb2 0-0 7. c4 Nc6 8. cxd5 Nxd5 9. Bxg7 Kxg7 10. Qc1 Qd6 11. Na3 e6 12. Qb2+ Kg8 13. Nc4 Qe7 14. d4 cxd4 15. Nxd4 Nxd4 16. Qxd4 Nb4 17. Qf4 Rd8 18. Rfd1 Nc6 19. Rxd8+ Qxd8 20. Bxc6 bxc6 21. Ne5 f6 22. Nxc6 Qd7 23. Rc1 Bb7 24. Na5 Rc8 25. Nxb7 Rxc1+ 26. Qxc1 Qxb7 27. Qc4 Qd7 28. b4 Kf7 29. b5 h5 30. h4 g5 31. hxg5 fxg5 32. a4 h4 33. gxh4 gxh4 34. Qf4+ Kg6 35. Qe4+ Kh5 36. Qf3+ Kg5 37. Qe3+ Kh5 38. Qe5+ Kg6 39. Kh2 Qf7 40. Qe4+ Kg5 41. Kh3 Kh5 42. Qf3+ Qxf3+ 43. exf3 Kg5 44. a5 Kf4 45. b6 1-0

[Event "SVK-chT2C 2324"]
[Site "Slovakia"]
[Date "2023.11.11"]
[Round "3.2"]
[White "Gyerpal, Adrian"]
[Black "Tropp, Oliver"]
[Result "0-1"]
[WhiteElo "2229"]
[BlackElo "2159"]
[PlyCount "80"]
[EventDate "2023.10.07"]
[EventType "team-tourn"]
[EventRounds "11"]
[EventCountry "SVK"]
[SourceTitle "EXT 2025"]
[Source "ChessBase"]
[SourceDate "2024.10.14"]
[SourceVersion "1"]
[SourceVersionDate "2024.10.14"]
[SourceQuality "1"]
[WhiteTeam "Cebovce II"]
[BlackTeam "Liptov Chess School III"]
[WhiteTeamCountry "SVK"]
[BlackTeamCountry "SVK"]

1. Nf3 e6 2. g3 Nf6 3. Bg2 d5 4. d4 Be7 5. 0-0 0-0 6. c4 Ne4 7. Nc3 f5 8. Qb3 c6 9. Ne5 Nd7 10. Nxd7 Qxd7 11. cxd5 Nxc3 12. bxc3 exd5 13. c4 dxc4 14. Qxc4+ Kh8 15. Rb1 Bd6 16. d5 c5 17. Bf4 b6 18. a4 Bb7 19. a5 Bxf4 20. gxf4 Qd6 21. a6 Bc8 22. Rfc1 Bd7 23. Rb3 Rae8 24. Rg3 Rf6 25. Rcc3 Rc8 26. Rce3 b5 27. Qc1 c4 28. Rc3 Qxa6 29. e4 fxe4 30. Bxe4 b4 31. Rce3 Rxf4 32. Qb1 Qf6 33. Rg2 a5 34. Bxh7 Rf8 35. Re2 Bh3 36. Rg3 Bg4 37. Re1 Qd4 38. Rge3 Qd2 39. R1e2 Bxe2 40. Rh3 Rg4+ 0-1

[Event "SVK-chT1E 2223"]
[Site "Slovakia"]
[Date "2023.10.22"]
[Round "2.1"]
[White "Gyerpal, Adrian"]
[Black "Vrana, Frantisek"]
[Result "1/2-1/2"]
[WhiteElo "2197"]
[BlackElo "2184"]
[PlyCount "68"]
[EventDate "2023.10.21"]
[EventType "team-tourn"]
[EventRounds "11"]
[EventCountry "SVK"]
[SourceTitle "EXT 2025"]
[Source "ChessBase"]
[SourceDate "2024.10.14"]
[SourceVersion "1"]
[SourceVersionDate "2024.10.14"]
[SourceQuality "1"]
[WhiteTeam "Zvolen Slavia"]
[BlackTeam "Rajecke Teplice Slovan"]
[WhiteTeamCountry "SVK"]
[BlackTeamCountry "SVK"]

1. d4 Nf6 2. c4 d6 3. Nf3 g6 4. g3 Bg7 5. Bg2 0-0 6. 0-0 Nc6 7. Nc3 a6 8. b3 Rb8 9. Bb2 b5 10. cxb5 axb5 11. Rc1 b4 12. Na4 Na7 13. d5 Bd7 14. Nd4 e5 15. dxe6 fxe6 16. Nc6 Nxc6 17. Bxc6 Bxc6 18. Rxc6 Ne8 19. Qd2 Qd7 20. Rc4 Qb5 21. Bxg7 Kxg7 22. Nb2 c5 23. e4 e5 24. Nd3 Nc7 25. f4 Ne6 26. fxe5 Rxf1+ 27. Kxf1 Rf8+ 28. Kg2 dxe5 29. Qb2 Nd4 30. Nxc5 Kg8 31. Qd2 Qc6 32. Qg5 Qa8 33. Qd2 Qc6 34. Qg5 Qa8 1/2-1/2